000 00377nam a22001457a 4500
020 _a013589763
040 _cNust
082 _a629.8312
_bBRO'M
100 _aWilliam L. Brogan
_9126998
245 _aModern Control Theory
250 _a3ed Edition
260 _aNew Jersey:
_bPrentice Hall of India,
_c1991.
650 _aModern Control Theory
_9122948
942 _2ddc
_cBK
999 _c612369
_d612369